| 000 -LEADER |
| fixed length control field |
01004cam a2200229 i 4500 |
| 003 - CONTROL NUMBER IDENTIFIER |
| control field |
OSt |
| 005 - DATE AND TIME OF LATEST TRANSACTION |
| control field |
20260210173025.0 |
| 008 - FIXED-LENGTH DATA ELEMENTS--GENERAL INFORMATION |
| fixed length control field |
230613t20232023maua 001 0 eng d |
| 020 ## - INTERNATIONAL STANDARD BOOK NUMBER |
| International Standard Book Number |
9780760380611 |
| Qualifying information |
hardcover |
| 082 04 - DEWEY DECIMAL CLASSIFICATION NUMBER |
| Classification number |
720.1 |
| Edition number |
23 |
| 100 1# - MAIN ENTRY--PERSONAL NAME |
| Personal name |
Frankowski, Nathalie, |
| Relator term |
author. |
| 245 10 - TITLE STATEMENT |
| Title |
Universal principles of architecture : |
| Remainder of title |
100 architectural archetypes, methods, conditions, relationships, and imaginaries / |
| Statement of responsibility, etc |
Nathalie Frankowski & Cruz Garcia, WAI Architecture Think Tank. |
| 300 ## - PHYSICAL DESCRIPTION |
| Extent |
224 pages : |
| Other physical details |
color illustrations ; |
| Dimensions |
26 cm |
| 500 ## - GENERAL NOTE |
| General note |
Includes index. |
| 505 0# - FORMATTED CONTENTS NOTE |
| Formatted contents note |
Archetypes -- Methods -- Conditions -- Relationships -- Imaginaries. |
| 520 ## - SUMMARY, ETC. |
| Summary, etc |
"Universal Principles of Architecture is a concise, visual introduction to 100 of the most fundamental elements of architecture"-- |
| 650 #0 - SUBJECT ADDED ENTRY--TOPICAL TERM |
| Topical term or geographic name as entry element |
Architectural design. |
| 650 #6 - SUBJECT ADDED ENTRY--TOPICAL TERM |
| Topical term or geographic name as entry element |
Architecture |
| General subdivision |
Composition, proportions, etc. |
| 700 1# - ADDED ENTRY--PERSONAL NAME |
| Personal name |
Garcia, Cruz, |
| Dates associated with a name |
1983- |
| Relator term |
author. |
| 710 2# - ADDED ENTRY--CORPORATE NAME |
| Corporate name or jurisdiction name as entry element |
WAI Architecture Think Tank. |
| 942 ## - ADDED ENTRY ELEMENTS (KOHA) |
| Source of classification or shelving scheme |
|